000
00263nam a2200109Ia 4500
008
221009s9999 xx 000 0 und d
082
_a
307/MOU
100
_a
Moudud, Hasna Jasimuddin
_9
1215
245
0
_a
Women in China
260
_b
Shakti Publishers
942
_c
BK
999
_c
64776
_d
64776